000 00498nam a2200145Ia 4500
008 100122s9999 xx 000 0 und d
082 _b6713
_a823
100 _aलोहोकरे पां गो
245 _aताजमहालाच्या खाली
260 _bसदभिरुची प्रकाशन
_c1949
300 _a90
630 _aताजमहालाच्या खाली
730 _aताजमहालाच्या खाली
942 _cBOOK
999 _c399664
_d399661